000
00265nam a2200097 a 4500
005
20140412111242.0
008
110121s19uu xx 00 eng d
050
_a
TR(GS 428
_b
K32 1996
245
_a
Back to basics english :
_b
for 8-9 year olds book 2.
999
_c
102800
_d
102800